书目信息 |
| 题名: |
穆旦译作选
|
|
| 作者: | 王宏印 编 ;穆旦 译 | |
| 分册: | ||
| 出版信息: | 北京 商务印书馆 2019.08 |
|
| 页数: | 326页 | |
| 开本: | 19cm | |
| 丛书名: | 故译新编 | |
| 单 册: | ||
| 中图分类: | I11 | |
| 科图分类: | ||
| 主题词: | 世界文学--shi jie wen xue--作品集 | |
| 电子资源: | ||
| ISBN: | 978-7-100-17586-9 | |
| 000 | 00948nam 2200265 450 | |
| 001 | 29535 | |
| 005 | 20221105173202.64 | |
| 010 | @a978-7-100-17586-9@dCNY56.00 | |
| 099 | @aCAL 012019150807 | |
| 100 | @a20191025d2019 em y0chiy50 ea | |
| 101 | 0 | @achi |
| 102 | @aCN@b110000 | |
| 105 | @ay z 000yy | |
| 200 | 1 | @a穆旦译作选@Amu dan yi zuo xuan@f穆旦译@g王宏印编 |
| 210 | @a北京@c商务印书馆@d2019.08 | |
| 215 | @a326页@d19cm | |
| 225 | 2 | @a故译新编@Agu yi xin bian |
| 330 | @a穆旦是“九叶诗派”的代表性诗人。除了诗歌创作外, 还译有俄国普希金的作品《青铜骑士》《普希金抒情诗集》, 英国雪莱的《云雀》《雪莱抒情诗选》, 英国拜伦的《唐璜》《拜伦抒情诗选》《拜伦诗选》等。本书精选其上述译作汇编而成。 | |
| 410 | 0 | @12001 @a故译新编 |
| 606 | 0 | @a世界文学@Ashi jie wen xue@x作品集 |
| 690 | @aI11@v5 | |
| 701 | 0 | @a王宏印@Awang hong yin@4编 |
| 702 | 0 | @a穆旦@Amu dan@4译 |
| 801 | 0 | @aCN@c20220910 |
| 905 | @a河南城建学院图书馆@dI11@eW200@f3 | |
| 穆旦译作选/穆旦译/王宏印编.-北京:商务印书馆,2019.08 |
| 326页;19cm.-(故译新编) |
| ISBN 978-7-100-17586-9:CNY56.00 |
| 穆旦是“九叶诗派”的代表性诗人。除了诗歌创作外, 还译有俄国普希金的作品《青铜骑士》《普希金抒情诗集》, 英国雪莱的《云雀》《雪莱抒情诗选》, 英国拜伦的《唐璜》《拜伦抒情诗选》《拜伦诗选》等。本书精选其上述译作汇编而成。 |
| ● |
| 相关链接 |
|
|
|
正题名:穆旦译作选
索取号:I11/W200
 
预约/预借
| 序号 | 登录号 | 条形码 | 馆藏地/架位号 | 状态 | 备注 |
| 1 | 1583252 | 215832525 | 文学库108/108文学库 1排11列3层/ [索取号:I11/W200] | 在馆 | |
| 2 | 1583253 | 215832534 | 文学库108/108文学库 1排11列3层/ [索取号:I11/W200] | 在馆 | |
| 3 | 1583254 | 215832543 | 文学库108/108文学库 1排11列3层/ [索取号:I11/W200] | 在馆 |